| 000 | 02439cam a22004454i 4500 | ||
|---|---|---|---|
| 003 | PE-LiUPU | ||
| 005 | 20250731165414.0 | ||
| 008 | 151124s2011 pe grm 000 0 spa d | ||
| 035 | _a(Sirsi) a155226 | ||
| 040 |
_aPE-LiUPU _bspa _cPE-LiUPU _erda |
||
| 099 |
_aTEF 3 _bD32 2011 |
||
| 100 | 1 |
_aDávila Villavicencio, Roussel Dulio _eautor |
|
| 245 | 1 |
_aEfecto de la implementación de una "Red de apoyo social adventista" en la habilidad de cuidado de los familiares cuidadores de personas con enfermedad crónica del centro poblado Virgen del Carmen. La Era, 2010 / _cRoussel Dulio Dávila Villavicencio. |
|
| 264 | 0 | _c2011. | |
| 300 |
_a167 hojas _c30 cm |
||
| 336 |
_atext _2rdacontent |
||
| 337 |
_aunmediated _2rdamedia |
||
| 338 |
_avolume _2rdacarrier |
||
| 502 |
_aTesis _b(Mg.) -- _cUniversidad Peruana Unión, _d2011. |
||
| 504 | _aIncluye referencias | ||
| 520 | 3 | _aLas enfermedades crónicas son un problema de salud pública. Muchas de estas enfermedades producen efectos sistémicos y generan limitaciones y discapacidades. Ante esta situación. Las personas necesitan del cuidado de sus familiares, esta a su vez, requiere de habilidades para ejercer su rol. Estas habilidades pueden ser desarrolladas mediante programas de capacitación o estrategias que complementen la educación y el apoyo social. El centro poblado Virgen del Carmen - La Era es una comunidad en donde existen familiares cuidadores de personas con enfermedades crónicas, sin embargo, no se ejecutan programas orientados a habilitar a estos cuidadores. Siendo que existe una presencia importante de feligreses de la Iglesia Adventista del Séptimo Día, caracterizado por su espíritu de servicio, nació la inquietud de organizar un Red de Apoyo Social Adventista como una estrategia novedosa para beneficiar a los familiares cuidadores prestándoles educación y acompañamiento social. | |
| 526 | _aSEG44 | ||
| 526 | _aSEG26 | ||
| 526 | _aP151 | ||
| 526 | _aP150 | ||
| 526 | _aP149 | ||
| 526 | _aP146 | ||
| 526 | _aP145 | ||
| 526 | _aP126 | ||
| 526 | _aP125 | ||
| 526 | _aP92 | ||
| 526 | _aP75 | ||
| 526 | _aP74 | ||
| 526 | _aP27 | ||
| 526 | _aP15 | ||
| 650 | 0 | 4 |
_aEnfermeros _xCuidados _xPlanes y programas. |
| 596 | _a1 | ||
| 942 |
_2ddc _cTESIS |
||
| 999 |
_aTEF 3 D32 2011 _wALPHANUM _c7908 _iT01233 _lCCODEBUL3 _mBUL _r1 _sY _tTESIS _u2015-11-24 _xPOSGRADO _PP69 _o.STAFF. Tesis _d7908 |
||
| 980 |
_81 _gALBERTO SANCHEZ Responsable de Automatización |
||